| 000 | 00756nam a22001817a 4500 | ||
|---|---|---|---|
| 003 | SISC | ||
| 005 | 20200619102435.0 | ||
| 008 | 200619b xxu||||| |||| 00| 0 eng d | ||
| 020 | _a9786214160211 | ||
| 050 | _aHF 5667 .C117 2017 | ||
| 100 | _aCabrera, Ma. Elenita Balatbat. | ||
| 245 |
_aAuditing theory : _bpublic accountancy : code of ethics for professional accountants (effective april 6, 2016) : assurance and non-assurance services: concepts, principles and rules / _cMa. Elenita B. Cabrera, Gilbert Anthony B. Cabrera.-- |
||
| 250 | _a2017 ed. | ||
| 260 |
_aManila : _bGIC Enterprises & Co., Inc. _c2017. |
||
| 300 |
_axvii , 1133 pages : _billustrations : _c29 cm. |
||
| 650 |
_2Library of Congress Subject Headings _aAuditing |
||
| 942 |
_2lcc _cBK |
||
| 999 |
_c363490 _d363490 |
||